000
00314nam a2200145Ia 4500
100
_a
Wagh/ V.K.
650
_a
Electrical Engineering
942
_c
BK
654
_a
radios
245
_a
how to repair radios
260
_b
Wagh tech. pub.
_a
Bombay
_c
1979
082
_a
621.38
300
_a
136
546
_a
ENGLISH
999
_c
25937
_d
25937